000
00299nam a22001217a 4500
008
170612b xxu||||| |||| 00| 0 eng d
041
_a
eng
080
_a
32
100
_a
19
101
_a
SHP
245
_a
BUDGETING A COMPORATIVE THEORY OF BUDGETARY PROCESSES
_c
WILDAVSKY.A
942
_2
udc
_c
BK
999
_c
17006
_d
17006